00688 2200217 4500001002100000005001700021008004100038035002400079082001100103090001600114245016100130250001100291260006100302300003000363650001400393850001500407980001500422985000600437986001200443999001500455YOGYA-0209000000416520090227020705.0 ind  0010-020900000004165 a378.18 a378.18bGem aGEMA ex mahasiswa pejoang perguruan tinggi negeri Klaten 1945-1948cpenyunting para anggota/keluarga anggota paguyuban ex mahasiswa pejoang Klaten 1946-1948 aCet. 1 aKlatenbPaguyuban ex Mahasiswa Pejoang Klatenc1946-1948 axix, 483 hlmbilusc21 cm aReformasi aYOPDYOG(B) a05-08-2006 a1 aMrrtrev a04A0000690